Statystyki dla Kraje najczęściej odwiedzane przez turystów zagranicznych

Kliknij tutaj aby rozwiązać quiz!

Ogólne statystyki

  • Ten quiz został rozwiązany 163 razy
  • Średni wynik to 12 z 15

Statystyki odpowiedzi

Liczba turystówOdpowiedź% Poprawnych
75,6 mlnStany Zjednoczone
99%
82,6 mlnFrancja
97%
59,3 mlnChiny
95%
75,6 mlnHiszpania
94%
24,6 mlnRosja
91%
24,0 mlnJaponia
90%
52,4 mlnWłochy
90%
35,6 mlnNiemcy
87%
25,4 mlnTurcja
84%
35,8 mlnWielka Brytania
84%
24,8 mlnGrecja
80%
35,0 mlnMeksyk
73%
28,1 mlnAustria
50%
32,6 mlnTajlandia
47%
26,8 mlnMalezja
22%

Rozkład punktacji

Percentyl według liczby udzielonych odpowiedzi

Procent ludzi z każdym wynikiem

Twoja historia wyników

Nie rozwiązałeś tego quizu